000 00632nam a2200241 a 4500
001 nice12345678
003 IN_TiNIC
005 20260116015301.0
008 050524s1998 mona grp 000 0 eng
020 _a
_c100
082 0 0 _a305.4209582
_bWOM
100 _aWomen Living Under Muslim Laws,
245 _aWomen`s Situation in Afghanistan; Compilation
260 _aMontreal
_bWLUML
_c1998
300 _a232p
500 _aincludes index and biblioraphy
505 2 _aSubject Index
650 _aWomen-Afghanistan
700 1 _aWomen Living Under Muslim Laws,
902 _bSRS
942 _cBK
999 _c19067
_d19067